| 000 | 00535nam a2200181Ia 4500 | ||
|---|---|---|---|
| 003 | IN-BaIIA | ||
| 008 | 211028s9999 xx 000 0 eng d | ||
| 020 | _a0-85059-667-X | ||
| 040 | _cIIA Library | ||
| 080 |
_a523.64 _bMOO |
||
| 100 |
_aMoore, Patrick _93252 |
||
| 245 | 4 |
_aThe return of Halley's Comet _cPatrick Moore |
|
| 260 |
_aCambridge _bPatrick Stephens _c1984 |
||
| 300 | _a121p. | ||
| 650 | _aAstronomy and astrophysics thesaurus | ||
| 650 |
_aComet Halley _94021 |
||
| 942 | _cBK | ||
| 999 |
_c8120 _d8120 |
||